000 01297nam0a22003611 4500
001 v19\rc\1413415
005 20260406111348.0
035 _a(NLR Aleph) 004541603
090 _a2014453
_c2014453
100 _a20060512d1881 |||y0rusy50 ca
101 0 _arus
102 _aRU
105 _ay z |||||
200 1 _aОсновные положения теории экономической политики с Адама Смита до настоящего времени
_fСоч. И. Иванюкова, проф. Петровск. земледельч. и лесной акад.
205 _a2-е изд.
210 _aМосква
_cН.И. Мамонтов
_d1881
215 _a208 с.
_d25
320 _aБиблиогр. в примеч.
700 1 _8rus
_7ca
_aИванюков
_bИ. И.
_cэкономист
_f1844-1912
_gИван Иванович
_3RU\NLR\AUTH\77119970
_9102895
801 0 _aRU
_bNLR
_gpsbo
801 0 _aRU
_bRuMoRGB
_2psbo
801 1 _aRU
_bProSoft-M
_2rusmarc
801 2 _aRU
_bNLR
_c20130205
_2rusmarc
852 _aNLR
_j18.155.3.23
899 _aRuMoRGB
_jM 55/59
899 _aRuMoRGB
_jA 243/307
899 _aRuMoRGB
_jРб 19/783
899 _aБАН
899 _aНБ СПбГУ
899 _aНБ МГУ
899 _aГПИБ
942 _cBOOK
980 _aNB